[Event "Stay Safe Play From Home 185"]
[Site "T#646428Emanuel Laske"]
[Date "2020.05.29"]
[Round "2"]
[White "Little champs"]
[Black "Konmos"]
[Result "1-0"]
[WhiteElo "2119"]
[BlackElo "1781"]
[Annotator "TA"]
[PlyCount "67"]
[EventDate "2020.05.29"]
[EventType "swiss (blitz)"]

{[%evp 9,67,8,31,7,12,4,28,30,20,16,16,-36,33,-14,-9,-66,0,2,38,15,62,-313,615,116,145,123,593,169,683,282,271,151,318,343,550,317,326,255,356,318,292,275,325,329,302,280,591,590,1423,1422,1862,1692,29993,2230,29988,29989,29994,29993,29993,29994]} 1. d4 e5 2. e3 exd4 3. exd4 c5 4. Nf3 {[#]} cxd4 $146 ({Predecessor:} 4... Nc6 5. c4 cxd4 6. Nxd4 Bc5 7. Be3 Qb6 8. Nxc6 bxc6 9. Bxc5 Qxc5 10. Be2 Nf6 {0-1 (20) Attoumani,J-Delestage,R St Denis 2020}) 5. Qxd4 Nc6 6. Qd1 {A40: Unusual replies to 1 d4.} d5 7. Bd3 Bb4+ 8. c3 {White has an edge.} Qe7+ 9. Be2 Bc5 10. Qxd5 (10. Bg5 $11 f6 11. Bc1) 10... Be6 ({Black should try} 10... Nf6 $15 11. Qc4 Be6) 11. Qe4 Nf6 12. Qc2 ({Better is} 12. Qf4 $1 $11) 12... O-O-O (12... O-O $15) 13. O-O Rhe8 14. Nbd2 Kb8 15. Nb3 $2 {[%mdl 8192]} (15. Bb5 $14 {stays ahead.}) 15... Qd7 $4 {[%mdl 8192]} (15... Bxb3 $19 16. Qxb3 Qxe2) 16. Bg5 $2 (16. Nxc5 $18 {is the precise move to win.} Qe7 17. Nxe6 Qxe6 18. Bb5) 16... Bf5 17. Qc1 $36 {[%mdl 2048] White has strong initiative.} Qe6 $2 {[%mdl 8192]} (17... Bd6 $16 {is a better chance.}) 18. Re1 $2 (18. Nxc5 Qxe2 19. Qf4+ {[%mdl 64] Double Attack} Ka8 20. Bxf6 gxf6 21. Qxf5 {[%mdl 64] Double Attack}) 18... h6 $2 (18... Bd6 19. Nbd4 Qd5) 19. Bf4+ (19. Nxc5 $142 Qd5 20. Bxf6 gxf6 21. Qf4+ Ka8 22. b4) 19... Bd6 $18 {[#]} 20. Bd3 $1 {[%mdl 512]} Bxd3 $2 (20... Be4 $16 21. Nfd4 Nxd4) 21. Rxe6 Rxe6 $2 (21... fxe6 {was called for.} 22. Bxd6+ Rxd6) 22. Bxd6+ Rexd6 23. Qf4 Nd5 24. Qg3 {[#] And now Nfd4 would win.} g5 25. Nbd4 Nxd4 26. Nxd4 ({Weaker is} 26. cxd4 Nf4 $16) 26... Nf4 27. h4 Rxd4 $2 (27... Re8 {is more resistant.} 28. Rd1 (28. hxg5 hxg5 29. Qh2 Bg6 $18) 28... Bf5) 28. cxd4 Be2 29. Re1 Rxd4 30. Rxe2 Kc8 31. Re1 (31. Qc3+ $142 Rc4 32. Qxc4+ {[%mdl 64] Double Attack} Kd8 33. Qd4+ {[%mdl 64] Double Attack} Nd5 34. Qxd5+ {[%mdl 64] Double Attack} Kc7 35. Re7+ {[%mdl 64] Double Attack} Kc8 36. Qxb7+ {[%mdl 64] Double Attack} Kd8 37. Qd7#) 31... Rd1 32. Qc3+ {White mates.} Kb8 33. Qh8+ Kc7 34. Rxd1 {Accuracy: White = 34%, Black = 19%.} 1-0

[Event "Stay Safe Play From Home 185"]
[Site "T#646428Emanuel Laske"]
[Date "2020.05.29"]
[Round "2"]
[White "Weltszmerc"]
[Black "Eidgenosse"]
[Result "0-1"]
[WhiteElo "2077"]
[BlackElo "2468"]
[Annotator "TA"]
[PlyCount "100"]
[EventDate "2020.05.29"]
[EventType "swiss (blitz)"]

{[%evp 9,100,-47,-52,-61,0,-16,0,-100,0,-95,-11,-19,39,43,67,70,70,54,58,8,16,23,20,-157,-131,-203,-86,-89,-56,-71,-46,-126,-144,-268,-259,-275,-241,-909,-119,-120,181,-135,37,-120,122,129,132,134,140,138,223,217,179,118,132,-1314,-1284,-29987,-29988,-29987,-29988,-29988,-29989,-29988,-521,-518,-112,-97,-111,-115,-116,-116,0,0,-36,-36,0,0,0,0,0,-1558,-1274,-29978,-29979,-29979,-29980,-29980,-29981,-29981,-29982,-29982,-29983]} 1. d4 d6 2. c4 Nf6 3. Bf4 Nbd7 4. Nc3 e5 5. dxe5 dxe5 {[#]} 6. Bg3 $146 {A53: Old Indian Defence without Nf3.} ({Predecessor:} 6. Bg5 Be7 7. e3 O-O 8. Bd3 Re8 9. Bxf6 Nxf6 10. Nge2 Bg4 11. O-O Bb4 12. Qc2 Bxe2 13. Bxe2 {1-0 (39) Dai,V (1124)-Chiara,V (1359) Cammeray 2011}) 6... Be7 (6... Bb4 $15) 7. e3 O-O 8. h3 (8. a3 $11) 8... c6 (8... Bb4 $17 {Strongly threatening ...Ne4.} 9. Qc2 Bxc3+ 10. bxc3 Qe7) 9. Be2 (9. a3 $11 {remains equal.}) 9... Re8 ({Better is} 9... Qa5 $17 10. Qc2 Bb4) 10. Nf3 $11 Qa5 (10... Bb4 $11) 11. O-O $14 Bf8 12. a3 e4 13. Nd4 Qg5 14. Bf4 Qg6 $1 15. b4 Ne5 16. Bxe5 $2 ({White should play} 16. Bg3 $11) 16... Rxe5 $17 17. Kh1 (17. h4 $17 {was worth a try.}) 17... Rg5 (17... Qh6 $19 {Threatens to win with ...Bxh3!} 18. f4 exf3 19. Rxf3 a5) 18. Rg1 Bd7 19. c5 Rd8 20. Qc2 (20. Qf1 $15) 20... Qh6 {( -> ...Bxh3!)} 21. Kh2 (21. Nxe4 $2 Bxh3 $1 {[%mdl 512]} 22. Nxg5 Bf5+ 23. Nh3 Bxh3 $19) (21. Bf1 $17) 21... Qh4 $1 $19 22. Raf1 Rg6 23. f4 $2 (23. Nd1) 23... Rh6 $2 (23... Qg3+ $19 {and Black stays clearly on top.} 24. Kh1 Bxh3 $1 {[%mdl 512]}) 24. f5 {Threatening Rf4.} Nh5 $2 {[%mdl 8192]} (24... g5 $1 $17 25. Qa2 Bg7) 25. Qxe4 $2 {[#]} (25. Bxh5 $1 $18 Qxh5 26. Nxe4 (26. Qxe4 b6 $14)) 25... Qg3+ $1 $17 ({Don't play} 25... Ng3 $6 26. Qxh4 Nxf1+ 27. Rxf1 $11) 26. Kh1 Qc7 $2 (26... Re8 $17 {and life is bright.} 27. Qc2 Nf4) 27. Bxh5 $1 $16 Rxh5 28. Qg4 g6 29. Ne4 {Hoping for Nf6+.} Kh8 (29... Be7 $16 30. Qf3 Qe5) 30. Nf6 $18 Rh6 31. Nxd7 (31. Qg5 $18) 31... Qxd7 $16 32. fxg6 $2 {[%mdl 8192]} (32. Rf4 $16) 32... Qxg4 $19 33. g7+ Bxg7 34. Rf3 Bxd4 35. exd4 Rxd4 36. Rgf1 Rf4 (36... Rd2 $142 37. R3f2 {[#]} Rxh3+ $1 {[%mdl 576] Demolition} 38. gxh3 Qxh3+ {[%mdl 64] Double Attack} 39. Kg1 Qg3+ 40. Kh1 Rxf2 41. Rxf2 Qxf2 42. b5 f5 43. b6 axb6 44. a4 f4 45. a5 f3 46. cxb6 Qg2#) 37. Rxf4 Rxh3+ $2 (37... Qg5 $19 38. Rf5 Qd2 39. Rxf7 Rg6) 38. gxh3 $17 Qxh3+ $19 {[%mdl 4160] Endgame Double Attack. KQ-KRR} 39. Kg1 Qg3+ (39... Qxa3 $2 40. R1f3 $19) 40. Kh1 f5 (40... Qxa3 $17 {And now ...f6! would win.} 41. R1f3 Qb2) 41. Rxf5 $15 Qh3+ ({Avoid the trap} 41... Qxa3 $2 42. Rf8+ Kg7 43. R8f3 $18) 42. Kg1 Qe3+ 43. Kh1 Qb3 44. Rf8+ (44. R1f3 {is interesting.} Qb1+ 45. Kg2 Qe4 46. Kg3 b6 47. Kf2) 44... Kg7 45. R8f7+ $2 {[%mdl 8192]} (45. R1f7+ $11 Qxf7 46. Rxf7+ Kxf7 47. Kg1) 45... Qxf7 $19 46. Rxf7+ Kxf7 {Black mates.} 47. Kg2 Ke6 48. Kf3 Kd5 49. Ke3 Kc4 50. Ke4 h5 {What a fight! Accuracy: White = 46%, Black = 52%.} 0-1

[Event "Stay Safe Play From Home 185"]
[Site "T#646428Emanuel Laske"]
[Date "2020.05.29"]
[Round "2"]
[White "SoulofWolf"]
[Black "Mepe_Nika"]
[Result "0-1"]
[WhiteElo "2070"]
[BlackElo "2302"]
[Annotator "TA"]
[PlyCount "104"]
[EventDate "2020.05.29"]
[EventType "swiss (blitz)"]

{[%evp 9,104,-29,-12,-2,39,-2,21,17,18,13,43,23,110,-6,18,-28,1,-35,58,-90,-45,-42,-29,-20,30,-8,37,0,0,0,0,0,10,-13,-7,-2,0,-65,-34,-13,-31,-46,-33,-33,-10,-12,0,-164,0,-198,-113,-119,-12,-16,-19,-22,-8,-12,-14,-14,-11,-917,-913,-856,-853,-1458,-1443,-2193,-2180,-29976,-29972,-29979,-29980,-29981,-29982,-29982,-29982,-29982,-29983,-29989,-29990,-29990,-29990,-29990,-29990,-29990,-29991,-29992,-29990,-29990,-29988,-29989,-29989,-29989,-29990,-29989,-29989]} 1. Nf3 Nc6 2. d4 d6 3. Bg5 h6 4. Bh4 g5 5. Bg3 Bg7 (5... g4 $5 {[%cal Rg4f3]} 6. d5 gxf3 7. dxc6 fxe2 8. Bxe2 bxc6 $15) 6. e3 {[#] A41: 1 d4 d6: Tartakower System and Modern Defence.} Bg4 $146 ({Predecessor:} 6... Nf6 7. Be2 Bf5 8. O-O Ne4 9. Nbd2 Nxg3 10. fxg3 Bg6 11. c3 e5 12. d5 Ne7 {0-1 (21) Vucic,M (2367)-Mestrovic,Z (2466) Bihac 1999}) 7. Be2 Nf6 8. O-O {The position is equal.} O-O 9. c4 Rb8 10. Nbd2 {[#]} a6 (10... e5 $1 $11 {[%mdl 512] remains equal.}) 11. a4 (11. d5 $16) 11... Bh5 12. Qb3 Bg6 13. Rac1 Ne4 (13... Nh5 $15) 14. Qa2 (14. Nxe4 $14 {keeps the upper hand.} Bxe4 15. d5) 14... Nxd2 15. Nxd2 e5 16. d5 Ne7 (16... Nb4 $5 {[%cal Rb4a2]} 17. Qb3 a5 $11) 17. b4 f5 18. f3 f4 19. Bf2 fxe3 20. Bxe3 Nf5 21. Bf2 Nd4 22. Bd1 Qf6 23. Ne4 (23. Qa3 $1 $11) 23... Bxe4 24. fxe4 Qg6 25. Bxd4 exd4 26. Bc2 Qh5 27. Bd3 Be5 {[%csl Ge5][%cal Rh5h2]} 28. h3 $2 {[#]} (28. g3 $1 $11 {and White is okay.}) 28... g4 $2 (28... Bf4 $1 $19 {Strongly threatening ...Qh4.} 29. Rcd1 Qh4) 29. Be2 $2 (29. Qe2 $11) 29... Qh4 ({Black should try} 29... d3 $19 {And now ...Qg5 would win.} 30. Bxd3 gxh3) 30. Qb3 $17 gxh3 $40 {[%mdl 128] Black has some attack.} (30... Rf4 $17 31. Qd3 gxh3 32. Qxh3 Qxh3 33. gxh3 Rxe4) 31. Qxh3 $11 Qxh3 32. gxh3 Kg7 33. Kg2 Rf4 34. Rxf4 Bxf4 35. Bf3 $2 {[%mdl 8192] Loses the game.} (35. Rf1 $11 Bd2 36. Bh5) 35... Bxc1 $19 {[%mdl 4096] Endgame} 36. c5 Ba3 37. cxd6 cxd6 38. b5 axb5 39. axb5 Rc8 {Black mates.} 40. Be2 Rc3 41. Kf2 Re3 42. Bc4 Rxe4 43. h4 Re3 44. b6 Bc5 45. Bb5 Bxb6 46. Kg2 Bc5 47. Bd7 d3 48. Be6 d2 49. Bg4 Re4 50. Bf3 Rxh4 51. Bd1 Rf4 52. Bc2 Rf2+ {Accuracy: White = 45%, Black = 40%.} 0-1

[Event "Stay Safe Play From Home 185"]
[Site "T#646428Emanuel Laske"]
[Date "2020.05.29"]
[Round "2"]
[White "Fischer_11"]
[Black "Raja3652016"]
[Result "1-0"]
[WhiteElo "2003"]
[BlackElo "1617"]
[Annotator "NA RC"]
[PlyCount "59"]
[EventDate "2020.05.29"]
[EventType "swiss (blitz)"]

1. e4 {[%emt 0:00:01]} d5 {[%emt 0:00:00]} 2. a3 {[%emt 0:00:01]} dxe4 {[%emt 0:00:02]} 3. Nc3 {[%emt 0:00:00]} Nf6 {[%emt 0:00:02]} 4. Qe2 {[%emt 0:00:00]} Nc6 {[%emt 0:00:01]} 5. Nxe4 {[%emt 0:00:01]} Nxe4 {[%emt 0:00:01]} 6. Qxe4 {[%emt 0:00:00]} e5 {[%emt 0:00:01]} 7. Bb5 {[%emt 0:00:01]} f6 {[%emt 0:00:01]} 8. Bxc6+ {[%emt 0:00:01]} bxc6 {[%emt 0:00:01]} 9. Qxc6+ {[%emt 0:00:00]} Bd7 {[%emt 0:00:01]} 10. Qe4 {[%emt 0:00:01]} Bd6 {[%emt 0:00:01]} 11. f4 {[%emt 0:00:01]} O-O {[%emt 0:00:01]} 12. fxe5 {[%emt 0:00:00]} Bxe5 {[%emt 0:00:02]} 13. Nf3 {[%emt 0:00:00]} Re8 {[%emt 0:00:01]} 14. Kf1 {[%emt 0:00:13]} Qc8 {[%emt 0:00:05]} 15. Nxe5 {[%emt 0:00:02]} Rxe5 {[%emt 0:00:02]} 16. Qf4 {[%emt 0:00:02]} Qa6+ {[%emt 0:00:02]} 17. d3 {[%emt 0:00:06]} Rae8 {[%emt 0:00:02]} 18. Bd2 {[%emt 0:00:02]} Qe6 {[%emt 0:00:02]} 19. Kg1 {[%emt 0:00:04]} Re2 {[%emt 0:00:01]} 20. Rf1 {[%emt 0:00:03]} Bc6 {[%emt 0:00:01]} 21. Rf2 {[%emt 0:00:04]} Rxf2 {[%emt 0:00:02]} 22. Qxf2 {[%emt 0:00:00]} Qd5 {[%emt 0:00:04]} 23. h3 {[%emt 0:00:02]} Re5 {[%emt 0:00:05]} 24. Kh2 {[%emt 0:00:01]} Rf5 {[%emt 0:00:03]} 25. Qg3 {[%emt 0:00:01]} h6 {[%emt 0:00:05]} 26. Re1 {[%emt 0:00:01]} Kh7 {[%emt 0:00:02]} 27. Re2 {[%emt 0:00:02]} Qf7 {[%emt 0:00:04]} 28. Rf2 {[%emt 0:00:01]} Rg5 {[%emt 0:00:02]} 29. Bxg5 {[%emt 0:00:02]} hxg5 {[%emt 0:00:03]} 30. Qxg5 {[%emt 0:00:00] Time} 1-0

[Event "Stay Safe Play From Home 185"]
[Site "T#646428Emanuel Laske"]
[Date "2020.05.29"]
[Round "2"]
[White "KLIND"]
[Black "W Nelles"]
[Result "1-0"]
[WhiteElo "1914"]
[BlackElo "1070"]
[Annotator "TA"]
[PlyCount "63"]
[EventDate "2020.05.29"]
[EventType "swiss (blitz)"]

{[%evp 9,63,42,39,43,58,-51,-44,-70,-63,-81,-62,-40,49,-3,-4,-44,33,31,39,31,86,20,20,20,36,25,42,8,37,17,69,65,63,62,230,217,216,209,365,363,573,572,589,564,877,550,580,569,1712,927,1654,1532,2342,1930,2236,2070]} 1. e3 e5 2. d4 e4 3. c4 Nf6 4. Nc3 Bb4 5. Bd2 Bxc3 6. Bxc3 {A40: Unusual replies to 1 d4.} O-O 7. f3 (7. d5 $14) 7... Re8 {[#]} 8. fxe4 $146 {Black is slightly better.} ({Predecessor:} 8. Bd2 b6 9. Be2 Bb7 10. Qb3 Ba6 11. Qc2 d5 12. cxd5 Bxe2 13. Nxe2 exf3 14. gxf3 Nxd5 {½-½ (36) Vojir,V (1225)-Kadlec,R (1420) Klatovy 2018}) 8... Nxe4 9. Nf3 Nc6 10. Bd3 f5 ({Black should play} 10... Nxc3 $15 11. bxc3 Rxe3+ 12. Kd2 Re7) 11. Bxe4 (11. O-O $14) 11... fxe4 $11 12. Ne5 Nxe5 (12... Qh4+ $15 13. g3 Qh3) 13. dxe5 $14 {Threatens to win with Qd5+.} d6 14. exd6 {And now Qd4 would win.} Qxd6 ({Black should try} 14... Qh4+ $14 15. g3 Qg5) 15. Qd4 (15. Qxd6 $16 cxd6 16. O-O-O) 15... Qxd4 $11 16. Bxd4 Bf5 17. O-O g6 18. b4 Rad8 19. c5 b6 (19... Bd7 $11) 20. a4 $14 {[%cal Ba2a4,Ba4a5,Ba5a6,Ba6a7][%mdl 32]} bxc5 21. Bxc5 Rd5 $2 {[#] Loses the game.} (21... a6 $14) 22. Bxa7 $18 Ra8 23. Bc5 Rad8 $2 (23... Bd7 {keeps fighting.} 24. a5 Bb5) 24. a5 Rd3 (24... Ra8 {was necessary.} 25. a6 Bd7) 25. a6 {White is clearly winning.} Ra8 26. Bd4 Kf7 27. a7 Ke6 28. Rfc1 Kd5 29. Rxc7 {[#] Intending Ra6 and mate.} Rxd4 30. exd4 Kxd4 31. Rb7 Kc4 32. Rb8 {Accuracy: White = 53%, Black = 29%.} 1-0

[Event "Stay Safe Play From Home 185"]
[Site "T#646428Emanuel Laske"]
[Date "2020.05.29"]
[Round "2"]
[White "Grizzzly"]
[Black "Rogan"]
[Result "0-1"]
[WhiteElo "1702"]
[BlackElo "2203"]
[Annotator "TA"]
[PlyCount "66"]
[EventDate "2020.05.29"]
[EventType "swiss (blitz)"]

{[%evp 14,65,33,24,36,12,40,42,39,47,53,46,53,45,60,0,4,-10,0,-44,-36,-66,-73,-70,-64,-88,-88,-88,-85,-83,-70,-83,0,0,21,17,21,-31,-35,-707,-690,-1136,-1134,-1033,-1010,-1474,-1400,-2376,-1834,-1058,-959,-29998,-29999,-29999]} 1. d4 d5 2. c4 c6 3. cxd5 cxd5 4. Nc3 Nf6 5. Nf3 g6 6. Bf4 Bg7 7. e3 O-O 8. Bd3 Bg4 {D90: Grünfeld: 4 Nf3 Bg7 sidelines.} 9. O-O {[#]} Bxf3 $146 ({Predecessor:} 9... Nc6 10. h3 Bxf3 11. Qxf3 e6 12. a3 a6 13. Na4 Nd7 14. Rfd1 b5 15. Nc3 Nb6 16. Rac1 Nc4 17. Bxc4 bxc4 18. Na4 Na5 19. Nc5 {1-0 (31) Acimovic,V (2084)-Mohar,M (1781) Dobrna 2019}) 10. Qxf3 e6 {White is slightly better.} 11. Bg5 Nbd7 12. Rac1 Qb6 13. Qe2 Rac8 14. Na4 (14. Rc2 $14) 14... Qa5 $11 15. Bxf6 Bxf6 16. b3 a6 17. Rfd1 b5 18. Nc5 Nxc5 19. Rxc5 Rxc5 20. dxc5 Rc8 21. Qc2 Qb4 22. c6 {[#]} Qd6 ({Black should play} 22... Bc3 $1 $17 23. a3 Qa5) 23. Rc1 d4 24. exd4 Bxd4 25. h3 (25. a4 $11) 25... Bb6 $15 26. c7 $2 {[%mdl 8192] Now White is beyond hope.} (26. Be4 $15) 26... Rxc7 $19 27. Qd2 Rxc1+ {[%mdl 64] [#] Overworked Piece} 28. Qxc1 Qxd3 29. Qc8+ Kg7 30. Kh2 Qd6+ 31. g3 Bxf2 32. Qc2 Qxg3+ 33. Kh1 Qg1# {Accuracy: White = 43%, Black = 90%.} 0-1

[Event "Stay Safe Play From Home 185"]
[Site "T#646428Emanuel Laske"]
[Date "2020.05.29"]
[Round "2"]
[White "Trotsky"]
[Black "The Next Contender"]
[Result "0-1"]
[WhiteElo "1576"]
[BlackElo "1988"]
[Annotator "TA"]
[PlyCount "56"]
[EventDate "2020.05.29"]
[EventType "swiss (blitz)"]

{[%evp 18,56,0,0,0,0,0,-122,-45,-264,-262,-283,-275,-363,-370,-358,-376,-459,29999,-808,-791,-1129,-712,-697,-686,-704,-671,-706,-589,-1193,-689,-992,-976,-954,-955,-1056,-1044,-994,-983,-2379,-2201]} 1. d4 d5 2. e3 c5 3. c4 Nf6 4. Nc3 e6 5. Nf3 cxd4 6. exd4 dxc4 7. Bxc4 Be7 8. Be3 O-O 9. Qc2 Nc6 10. a3 b6 {[#] B14: Caro-Kann: Panov-Botvinnik Attack with 5...e6 and 5...g6.} 11. Bd3 $146 ({Predecessor:} 11. O-O Bb7 12. Ba2 Rc8 13. Rac1 Na5 14. Ne5 Bd5 15. b4 Ne4 16. Bxd5 exd5 17. Qb2 Nc4 18. Nxc4 Rxc4 19. Nxe4 Rxc1 20. Rxc1 dxe4 {1-0 (41) Froehlich,P (2375)-Eperjesi,L (2365) Budapest 2000}) 11... Bb7 12. Ng5 (12. Rd1 $11) 12... h6 ({Better is} 12... Nxd4 $17 13. Bxh7+ Kh8) 13. h4 $2 {[#]} ({White should play} 13. Nf3 $15) 13... Nxd4 $19 14. Bxd4 Qxd4 15. O-O-O {Strongly threatening Bh7+.} Qf4+ 16. Kb1 Bxg2 ({Not} 16... hxg5 17. hxg5 Rfc8 18. gxf6 $17) 17. Bh7+ Nxh7 $4 {[%mdl 8192] [#]} (17... Kh8 $19 18. Rhg1 hxg5) 18. Rhg1 $4 {[%mdl 8192]} (18. Qxh7# {is the narrow road to win.}) 18... hxg5 {Black is clearly winning.} 19. hxg5 Bxg5 20. Rxg2 Bh6 21. Rdg1 Rac8 22. Qd3 Qf5 23. Ne4 Rcd8 24. Qe2 Nf6 25. f3 Rd2 26. Qe1 Rxg2 27. Rxg2 Rd8 28. Qg1 Nxe4 {Accuracy: White = 28%, Black = 52%.} 0-1

[Event "Stay Safe Play From Home 185"]
[Site "T#646428Emanuel Laske"]
[Date "2020.05.29"]
[Round "3"]
[White "Broken sword"]
[Black "Little champs"]
[Result "1-0"]
[WhiteElo "2543"]
[BlackElo "2123"]
[Annotator "TA"]
[PlyCount "157"]
[EventDate "2020.05.29"]
[EventType "swiss (blitz)"]

{[%evp 15,156,7,16,33,43,45,38,41,52,57,54,49,57,52,71,77,138,57,90,54,50,54,61,47,64,45,60,51,60,58,65,64,68,54,73,61,79,0,77,47,45,38,52,34,34,33,47,6,15,12,28,24,48,42,47,22,22,22,30,22,26,10,155,159,165,151,143,67,82,0,0,0,499,486,538,425,539,542,518,493,1416,1435,1587,1457,1893,1836,2168,1951,1479,1803,5119,5182,12831,6205,5705,4402,4683,4054,2316,2145,1531,1193,791,62,62,62,474,76,77,27,62,27,27,27,29973,29974,29976,29977,29982,29967,29991,29989,29992,29993,29993,29994,29994,29991,29992,29987,29983,29984,29994,29995,29995,29995,29996,29996,29997,29998,29998,29999,29999]} 1. d4 d5 2. c3 Nf6 3. Nf3 e6 4. Bf4 Be7 5. e3 O-O 6. Nbd2 c5 7. h3 Nc6 8. Bd3 cxd4 9. exd4 {D02: 1 d4 d5 2 Nf3 sidelines, including 2...Nf6 3 g3 and 2...Nf6 3 Bf4.} Bd6 10. Bxd6 Qxd6 11. O-O {White is slightly better.} e5 12. dxe5 Nxe5 13. Nxe5 Qxe5 14. Re1 {[#]} Qg5 $146 {Black wants to play ...Bxh3.} ({Predecessor:} 14... Qf4 15. Qc2 Bd7 16. Re7 g6 17. Rae1 Rac8 18. Nb3 Rc7 19. Qd2 Qh4 20. Nd4 Ne4 21. Bxe4 Qxe7 22. Bxg6 {1-0 (31) Kempen,L (1963)-Korda,A (1881) Tuggeranong 2007}) 15. Nf3 Qh5 (15... Qf4 $142) 16. Ne5 (16. Qd2 $16) 16... Qh6 17. Qc1 (17. Qa4 {seems wilder.} Nh5 18. Qh4 g5 19. Qd4 Nf4 20. Bf1) 17... Qxc1 18. Raxc1 Be6 19. Rcd1 Rfd8 20. Bc2 h6 21. Bb3 Kf8 22. Nf3 Rac8 23. Nd4 Bd7 24. Re2 a6 25. Red2 Be6 26. Re2 Bd7 $1 27. Nf3 Re8 28. Red2 Bc6 29. Nd4 Ne4 30. Re2 Nc5 31. Rde1 Rxe2 32. Rxe2 Nxb3 33. axb3 $11 {[%mdl 4096] Endgame KRB-KRN} Bb5 34. Re5 Bc6 35. f4 (35. Re1 {keeps more tension.} a5 36. f3 Bd7 37. Kf2 b6 38. Re5) 35... Re8 36. Rxe8+ Kxe8 {KB-KN} 37. Kf2 Ke7 38. Ke3 f6 (38... a5 $11 {keeps the balance.}) 39. Nf5+ $16 Kf7 40. Kd4 h5 {[#]} 41. Ne3 (41. h4 $1 $16) 41... Ke6 42. g4 (42. h4 $16) 42... hxg4 $11 43. hxg4 Kd6 $2 {[%mdl 8192]} (43... g5 $11 {and Black has nothing to worry.}) 44. Nf5+ $18 Ke6 45. Nxg7+ Kf7 46. Nf5 Ke6 47. Ne3 b5 (47... Bb5 $142 48. Nxd5 Be2) 48. b4 Bb7 49. Kc5 Kd7 50. Nc2 Bc8 51. Nd4 Ke7 52. g5 fxg5 53. fxg5 Bb7 54. Kb6 Bc8 55. Kc6 Kf7 56. Kxd5 Kg6 57. Nb3 Kxg5 58. Nc5 Kf4 59. Kd4 $2 (59. Kc6 $18 {aiming for Kb6.} Bf5 60. Nxa6) 59... Kf3 $14 60. Kd3 {Hoping for b3.} Kf2 $2 {[%mdl 8192]} (60... Bf5+ $14 61. Kd4 Bc8 62. Nxa6 Bxa6) 61. Kd2 $2 (61. b3 $18 {has better winning chances. Strongly threatening c4.} Kg3 62. Ke3) 61... Kf3 $16 62. Nb3 Kf4 63. Nd4 Ke4 64. Nc6 Kd5 $2 {[%mdl 8192] [#] White stays focused until the end.} (64... Bf5 $11) 65. Ne7+ {[%mdl 64] Double Attack. White mates.} Kc4 66. Nxc8 {KN-KPP} Kb3 67. Kc1 Ka2 68. Nd6 Ka1 69. Nb7 Ka2 70. Nc5 Ka1 71. Nxa6 {KN-KP} Ka2 72. Nc7 Kb3 73. Nxb5 Ka2 74. Nd4 Ka1 75. b5 Ka2 76. b6 Ka1 77. b7 Ka2 78. b8=Q {[%cal Rb8a8]} Ka1 79. Qa7# {Accuracy: White = 66%, Black = 59%.} 1-0

[Event "Stay Safe Play From Home 185"]
[Site "T#646428Emanuel Laske"]
[Date "2020.05.29"]
[Round "3"]
[White "Eidgenosse"]
[Black "Mepe_Nika"]
[Result "1-0"]
[WhiteElo "2471"]
[BlackElo "2309"]
[Annotator "TA"]
[PlyCount "41"]
[EventDate "2020.05.29"]
[EventType "swiss (blitz)"]

{[%evp 9,41,-6,6,7,16,-8,201,206,496,484,685,686,679,691,687,687,688,676,710,711,741,736,752,752,772,783,820,824,877,882,864,864,1278,1261]} 1. Nf3 Nc6 2. g3 e5 3. d3 Nf6 4. Bg2 d5 5. O-O h6 6. c4 {A07: Réti Opening: New York and Capablanca Systems.} dxc4 7. Qa4 {[#] Threatening Nxe5.} Bb4 $146 (7... Bd6 $11) ({Predecessor:} 7... Bd6 8. Qxc4 O-O 9. a3 a5 10. b3 Be6 11. Qc2 Nd4 12. Nxd4 exd4 13. Bb2 c5 {½-½ (30) Fedoseev,V (2668)-Heberla,B (2578) Warsaw 2014}) 8. Nxe5 $1 $18 {White is clearly better.} a5 $2 (8... Rb8 {was worth a try.} 9. Nxc6 bxc6) 9. Nxc6 {White is clearly winning.} bxc6 (9... Qd7 $142 10. a3 Bd6 11. Qxc4 O-O) 10. Qxc6+ {[%mdl 64] [#] Double Attack} Bd7 11. Qxa8 Qxa8 12. Bxa8 cxd3 13. exd3 O-O 14. Bg2 Re8 15. Nc3 a4 16. a3 Bc5 {[#]} 17. Be3 $1 Bd6 (17... Bxe3 18. fxe3) 18. Ne4 Bf5 19. Nxf6+ gxf6 20. Be4 Be5 21. Bxf5 {Black got outplayed after the opening} 1-0

[Event "Stay Safe Play From Home 185"]
[Site "T#646428Emanuel Laske"]
[Date "2020.05.29"]
[Round "3"]
[White "Rogan"]
[Black "Fischer_11"]
[Result "1-0"]
[WhiteElo "2205"]
[BlackElo "2006"]
[Annotator "NA RC"]
[PlyCount "23"]
[EventDate "2020.05.29"]
[EventType "swiss (blitz)"]
[TimeControl "60"]

1. c3 {[%emt 0:00:00]} d5 {[%emt 0:00:01]} 2. d4 {[%emt 0:00:00]} c5 {[%emt 0:00:00]} 3. Nf3 {[%emt 0:00:00]} cxd4 {[%emt 0:00:00]} 4. cxd4 {[%emt 0:00:00]} Nc6 {[%emt 0:00:00]} 5. Bg5 {[%emt 0:00:00]} Bg4 {[%emt 0:00:01]} 6. Ne5 {[%emt 0:00:01]} Nxe5 {[%emt 0:00:03]} 7. dxe5 {[%emt 0:00:00]} Qa5+ {[%emt 0:00:02]} 8. Nc3 {[%emt 0:00:02]} e6 {[%emt 0:00:01]} 9. Qb3 {[%emt 0:00:03]} Qb6 {[%emt 0:00:02]} 10. e4 {[%emt 0:00:01]} Qxb3 {[%emt 0:00:05]} 11. axb3 {[%emt 0:00:00]} d4 {[%emt 0:00:01]} 12. Bb5# {[%emt 0:00:01] (Lag: Av=0.26s, max=0.3s)} 1-0